000 00309nam a2200121Ia 4500
008 191201s2007 xx 000 0 und d
100 _aCHOWDHURY, Biswaroop rai
245 0 _aDynamic Memory Computer Course
260 _aN. Delhi
_bFusion Books
_c2007
300 _a612
650 _aB.Tech(CSE)
942 _2ddc
_cBK
999 _c326
_d326